Trouve ces personnages Stranger things - Statistiques

Statistiques générales
  • Ce quiz a été pris 631 fois
  • Le résultat moyen est 15 sur 16
Statistiques - réponses
Par images Réponse % Correct
Max
100%
Eleven
99%
Will
99%
Dustin
98%
Mike
98%
Lucas
97%
Nancy
97%
Steve
96%
Billy
94%
Hopper
94%
Joyce
93%
Robin
93%
Eddie
92%
Barbara
91%
Angela
71%
Jason
58%
Aucun quiz correspondant
Distribution des résultats
% des personnes avec chaque résultat
Percentile par nombre de réponses
Votre historique - résultats
Vous n’avez pas pris ce quiz